| 000 | 00392nam a2200157Ia 4500 | ||
|---|---|---|---|
| 008 | 231217s9999 xx 000 0 und d | ||
| 020 | _a74637436 | ||
| 041 | _aEnglish | ||
| 082 | _a001.64404 MIN;17 | ||
| 100 | _aMinoli, Daniel | ||
| 245 | 0 | _aInternet and intranet engineering | |
| 260 |
_c1998 _bTMH _aNew Delhi |
||
| 300 | _axvii+424 | ||
| 650 | _aIntranet,engineering | ||
| 942 | _cAA | ||
| 999 |
_c178063 _d178063 |
||